Texas Superlatives - Statistics

General Stats
  • This quiz has been taken 20 times
    15 since last reset
  • The average score is 8 of 15
Answer Stats
Hint Answer % Correct
Largest City Proper Houston
93%
Most Visited National Park Big Bend
86%
Longest River Rio Grande
86%
Largest Urban Agglomeration Dallas / Fort Worth
79%
Busiest Airport Dallas-Fort Worth International Airport
64%
All-Time Highest Recorded Temperature (°F) 120°F (Monahans)
50%
Largest County (Population) Harris
50%
Oldest continuously inhabited settlement San Antonio
50%
All-Time Lowest Recorded Temperature (°F) -23°F (Seminole)
43%
Highest Point Guadalupe Peak
43%
Largest four-year college or university (by total enrollment) Texas A&M University
43%
Largest Island Padre Island
36%
*Largest Natural Lake Caddo Lake
21%
Largest County (Area) Brewster
14%
Largest Man-Made Lake Toledo Bend Reservoir
7%
No matching quizzes found
Score Distribution
Percent of People with Each Score
Percentile by Number Answered
Your Score History
You have not taken this quiz since the last reset